Normale Ansicht MARC-Ansicht ISBD

Rankes Entourage: (Titelsatznr. 373160)

[ MARC ]
MARC-Details
000 -Satzkennung
Kontrollfeld mit fester Länge 02292nam a22005538c 4500
001 - Kontrollnummer
Kontrollfeld 1328421848
003 - Kontrollnummer Identifier
Kontrollfeld DE-101
005 - Datum und Zeit der letzten Transaktion
Kontrollfeld 20240611120314.0
007 - Feld mit fester Länge zur physischen Beschreibung - Allgemeine Information
Kontrollfeld mit fester Länge tu
008 - Feld mit fester Länge zur physischen Beschreibung - Allgemeine Angaben
Kontrollfeld mit fester Länge 240506s2024 gw ||||| |||| 00||||ger
015 ## - Nummer der Nationalbibliografie
Nummer der Nationalbibliografie 24,N20
Quelle dnb
016 7# - Kontrollnummer der nationalbibliografischen Agentur
Quelle DE-101
Datensatzkontrollnummer 1328421848
020 ## - Internationale Standardbuchnummer
Internationale Standardbuchnummer 9783864083303
Bezugsbedingungen : EUR 18.00 (DE), EUR 18.50 (AT)
020 ## - Internationale Standardbuchnummer
Internationale Standardbuchnummer 3864083303
024 3# - Anderer Standardidentifier
Standardnummer oder Code 9783864083303
035 ## - Systemkontrollnummer
System-Kontrollnummer (DE-599)DNB1328421848
035 ## - Systemkontrollnummer
System-Kontrollnummer (OCoLC)1433980992
040 ## - Katalogisierungsquelle
Original-Katalogisierungsstelle 1145
Katalogisierungssprache ger
Übertragungsstelle DE-101
Bearbeitungsstelle DE-2950
041 ## - Sprachcode
Sprachcode des Textes/der Tonspur oder des separaten Titels ger
044 ## - Ländercode der veröffentlichenden/herstellenden Stelle
ISO-Ländercode XA-DE-BE
082 74 - Notation nach der Dewey Decimal Classification
Feldverknüpfung und Reihenfolge 3\p
Notation 900
Zuweisende Stelle DE-101
Ausgabenummer 23sdnb
100 1# - Haupteintragung - Personenname
Feldverknüpfung und Reihenfolge 1\p
IDN des Normdatensatzes oder Standardnummer (DE-588)115660461
-- https://d-nb.info/gnd/115660461
-- (DE-101)115660461
Personenname Duchhardt, Heinz
Datumsangaben in Verbindung mit einem Namen 1943-
Funktionsbezeichnung Verfasser
Code für Beziehungskennzeichnung aut
245 10 - Titel
Titel Rankes Entourage:
Zusatz zum Titel Freunde, Schüler, Kollegen - und eine Frau /
Verfasserangabe etc. Heinz Duchhardt
264 #1 - Produktion, Veröffentlichung, Distribution, Herstellung und Urheberrechtsvermerk
Herstellungs-, Veröffentlichungs- Vertriebs-, Erzeugungsort Berlin:
Produzent, Herausgeber, Distributor, Hersteller Vergangenheitsverlag,
Datum der Herstellung, der Veröffentlichung, des Vertriebs oder des Urheberschutzvermerks 2024
300 ## - Physische Beschreibung
Umfang 170 Seiten
Maße 19 cm x 12 cm, 150 g
336 ## - Inhaltstyp
Inhaltstypterm Text
Inhaltstypcode txt
Quelle rdacontent
337 ## - Medientyp
Bezeichnung des Medientyps ohne Hilfsmittel zu benutzen
Medientypcode n
Quelle rdamedia
338 ## - Datenträgertyp
Datenträgertypbezeichnung Band
Datenträgertypcode nc
Quelle rdacarrier
490 ## - Gesamttitelangabe
Gesamttitelangabe Neue Aspekte der Ranke-Forschung;
Bandnummer/Folgebezeichnung Bd. 4
505 ## - Fußnote zu strukturierten Inhaltsangaben
Fußnote zu strukturierten Inhaltsangaben Darin: Die Frankfurter Ranke-WG. S. 39-58
653 ## - Indexierungsterm - Nicht normiert
Nicht-normierter Term (Produktform)Paperback / softback
653 ## - Indexierungsterm - Nicht normiert
Nicht-normierter Term Ranke, Leopold von; Historiker, Geschichtsschreiber, Hochschullehrer, Gymnasiallehrer, Historiker, 1795-1886
653 ## - Indexierungsterm - Nicht normiert
Nicht-normierter Term Entourage
653 ## - Indexierungsterm - Nicht normiert
Nicht-normierter Term Ferdinand Heydler
653 ## - Indexierungsterm - Nicht normiert
Nicht-normierter Term Franz Lieber
653 ## - Indexierungsterm - Nicht normiert
Nicht-normierter Term Fanny Pollau
653 ## - Indexierungsterm - Nicht normiert
Nicht-normierter Term Rudolf Köpke
653 ## - Indexierungsterm - Nicht normiert
Nicht-normierter Term Georg Winter
653 ## - Indexierungsterm - Nicht normiert
Nicht-normierter Term Karl Wilhelm Nitzsch
653 ## - Indexierungsterm - Nicht normiert
Nicht-normierter Term Geschichte/Kulturgeschichte
653 ## - Indexierungsterm - Nicht normiert
Nicht-normierter Term Friedrichsgymnasium Frankfurt (Oder)
710 2# - Nebeneintragung - Körperschaftsname
Feldverknüpfung und Reihenfolge 2\p
IDN des Normdatensatzes oder Standardnummer (DE-588)106503346X
-- https://d-nb.info/gnd/106503346X
-- (DE-101)106503346X
Körperschafts- oder Gebietskörperschaftsname als Eintragungselement Vergangenheitsverlag
Funktionsbezeichnung Verlag
Code für Beziehungskennzeichnung pbl
856 42 - Elektronische Adresse und Zugriff
Kontaktstelle für Hilfe beim Zugriff X:MVB
Elektronisches Format text/html
URL <a href="http://deposit.dnb.de/cgi-bin/dokserv?id=21b8322dc4a44472af306e58c0e27f79&prov=M&dok_var=1&dok_ext=htm">http://deposit.dnb.de/cgi-bin/dokserv?id=21b8322dc4a44472af306e58c0e27f79&prov=M&dok_var=1&dok_ext=htm</a>
Spezifische Materialangaben Inhaltstext
856 42 - Elektronische Adresse und Zugriff
Kontaktstelle für Hilfe beim Zugriff B:DE-101
Elektronisches Format application/pdf
URL <a href="https://d-nb.info/1328421848/04">https://d-nb.info/1328421848/04</a>
Spezifische Materialangaben Inhaltsverzeichnis
883 ## - Maschinell generierte Metadatenprovenienz
Feldverknüpfung und Reihenfolge 1\p
Generierungsprozess cgwrk
Erstellungsdatum der Kopie 20240606
Einrichtung, welche die Kopien erstellt hat DE-101
URL https://d-nb.info/provenance/plan#cgwrk
883 1# - Maschinell generierte Metadatenprovenienz
Feldverknüpfung und Reihenfolge 2\p
Generierungsprozess adb
Erstellungsdatum der Kopie 20240506
Einrichtung, welche die Kopien erstellt hat DE-101
URL https://d-nb.info/provenance/plan#adb
883 1# - Maschinell generierte Metadatenprovenienz
Feldverknüpfung und Reihenfolge 3\p
Generierungsprozess vlb
Erstellungsdatum der Kopie 20240506
Einrichtung, welche die Kopien erstellt hat DE-101
URL https://d-nb.info/provenance/plan#vlb
942 ## - Zusätzliche Felder (Koha)
Klassifikation oder Aufstellungssystematik Andere/Generische Klassifikation
Koha-Medientyp Bücher
Exemplare
Ausgeschieden Verloren Klassifikation oder Aufstellungssystematik Beschädigt Nicht entleihbar Heimatbibliothek Aufenthaltsbibliothek Aufstellungsort Erwerbungsdatum Anzahl Ausleihen Signatur Letzte Aktivität Exemplarnummer Preis gültig von Koha-Medientyp
    Andere/Generische Klassifikation     Stadtarchiv Frankfurt (Oder) | Archivbibliothek Stadtarchiv Frankfurt (Oder) | Archivbibliothek Magazin 11/06/2024   II: 5118 11/06/2024 43/2024 11/06/2024 Bücher